| 000 | 00766nam a2200253Ia 4500 | ||
|---|---|---|---|
| 003 | OSt | ||
| 005 | 20221005092416.0 | ||
| 006 | a|||||r|||| 00| 0 | ||
| 007 | ta | ||
| 008 | 221004b |||||||| |||| 00| 0 eng d | ||
| 020 |
_a9780415808330 (pbk) _c2392.28 |
||
| 024 | _a24181 | ||
| 037 |
_b200, 29/12/2015, Classic Book Service _cTextual |
||
| 040 |
_aCRL _cCRL _beng |
||
| 041 |
_2eng _aeng |
||
| 082 | _aW:(R), Q6 | ||
| 100 | _aTalisse Robert B. | ||
| 245 | 0 |
_aEngaging political philosophy _b An introduction |
|
| 260 |
_aNew York _bRoutledge USA _c2016 |
||
| 300 |
_axvii, 176p. _ccm. |
||
| 650 | _aPOLITICAL SCIENCE | ||
| 942 |
_hW:(R), Q6 _cTEXL _2cc |
||
| 999 |
_c998782 _d998782 |
||